书目信息 |
| 题名: |
拯救电脑完全手册
|
|
| 作者: | 吕忠 , 张炯 编著 | |
| 分册: | ||
| 出版信息: | 重庆 重庆出版社 2002 |
|
| 页数: | 207页 | |
| 开本: | 26cm | |
| 丛书名: | ||
| 单 册: | ||
| 中图分类: | TP307 | |
| 科图分类: | ||
| 主题词: | 电子计算机--故障修复 , 电子计算机--维护 | |
| 电子资源: | ||
| ISBN: | 7-5366-5750-1 | |
| 000 | 00630nam0 2200217 45 | |
| 001 | 0303050850 | |
| 005 | 20031219104106.3 | |
| 010 | @a7-5366-5750-1@dCNY18.00 | |
| 100 | @a20030305d2002 km y0chiy0120 ea | |
| 101 | 0 | @achi |
| 105 | @a z 000yy | |
| 200 | 1 | @a拯救电脑完全手册@AZheng Jiu Dian Nao Wan Quan Shou Ce@f吕忠,张炯编著@FLu Zhong,Zhang Jiong Bian Zhu |
| 210 | @a重庆@c重庆出版社@d2002 | |
| 215 | @a207页@d26cm | |
| 606 | 0 | @a电子计算机@x故障修复 |
| 606 | 0 | @a电子计算机@x维护 |
| 690 | @aTP307@v4 | |
| 701 | 0 | @a吕忠@4编著 |
| 701 | 0 | @a张炯@4编著 |
| 801 | @aCN@bTSTC@c20030305 | |
| 905 | @b320769-773@dTP307@e263@f5 | |
| 拯救电脑完全手册/吕忠,张炯编著.-重庆:重庆出版社,2002 |
| 207页;26cm |
| ISBN 7-5366-5750-1:CNY18.00 |
| ● |
| 相关链接 |
|
|
|
|
正题名:拯救电脑完全手册
索取号:TP307/263
 
预约/预借
| 序号 | 登录号 | 条形码 | 馆藏地/架位号 | 状态 | 备注 |
| 1 | 0320769 | 203207699 | 第三借阅区/ [索取号:TP307/263] | 在馆 | |
| 2 | 0320770 | 203207706 | 第三借阅区/ [索取号:TP307/263] | 在馆 | |
| 3 | 0320771 | 203207715 | 第三借阅区/ [索取号:TP307/263] | 在馆 | |
| 4 | 0320772 | 203207724 | 第三借阅区/ [索取号:TP307/263] | 在馆 | |
| 5 | 0320773 | 203207733 | 第二样本阅览室/ [索取号:TP307/263] | 在馆 |